| 000 | 00559nam a2200145Ia 4500 | ||
|---|---|---|---|
| 008 | 170221s9999 xx 000 0 und d | ||
| 100 | _aAbdulmumini Baba Alfa, Mohd Zaini Abd Karim | ||
| 245 | _aStudent Enthusiasm as a Key Determinant of their Performance | ||
| 245 | _cAbdulmumini Baba Alfa, Mohd Zaini Abd KarimAbdulmumini Baba Alfa, Mohd Zaini Abd Karim | ||
| 260 | _bInternational Review of Management and Marketing | ||
| 260 | _c2016 | ||
| 300 | _a6 : 2 | ||
| 650 | _xMarketing. | ||
| 856 | _uhttp://www.econjournals.com/index.php/irmm/issue/view/72 | ||
| 999 |
_c308491 _d308491 |
||